00590nam a22001697a 450000500170000001000150001702000270003203500140005903700130007308200100008610000270009624500730012326000400019627001090023630000250034550000500037020190722123207.0 aENG-126030 a9788178442174c1495.00 aEN-109562 bDBAD/PUB a200.1 aRavi Prakash 'Babloo ' aÇomparative religious and philosophics /cby Ravi Prakash 'Babloo' aNew DelhibR.K. Pulblicationsc2018 a4806/24, Bharat Ram Road, Darya GanjbNew Delhie110002k011-23285167, 65185557minfo@kkpublications.com aviii,296p.c24cm(Hb) aIncludes bibliographical references and index